Guidelines for the management of tropical forests / (Record no. 18359)

000 -LEADER
fixed length control field 00706nam a2200217 a 4500
020 ## - INTERNATIONAL STANDARD BOOK NUMBER
ISBN 9251041237
040 ## - CATALOGING SOURCE
Transcribing agency DJB
082 00 - DEWEY DECIMAL CLASSIFICATION NUMBER
Classification number 333 FAO 1998 C143 Or.
100 1# - MAIN ENTRY--AUTHOR NAME
Personal name Armitage, Ian.
245 10 - TITLE STATEMENT
Title Guidelines for the management of tropical forests /
260 ## - PUBLICATION, DISTRIBUTION, ETC. (IMPRINT)
Place of publication Rome :
Name of publisher Food and Agriculture Organization of the United Nations,
Year of publication 1998-
300 ## - PHYSICAL DESCRIPTION
Number of Pages v. <1 > :
Other physical details ill. ;
Dimensions 21 cm.
500 ## - GENERAL NOTE
General note "Forest Resources Division, FAO Forestry Department."
500 ## - GENERAL NOTE
General note "M-36"--T.p. verso.
650 #0 - SUBJECT ADDED ENTRY--TOPICAL TERM
Topical Term Rain forests
650 #0 - SUBJECT ADDED ENTRY--TOPICAL TERM
Topical Term Forest products
650 #0 - SUBJECT ADDED ENTRY--TOPICAL TERM
Topical Term Forest conservation
650 #0 - SUBJECT ADDED ENTRY--TOPICAL TERM
Topical Term Sustainable forestry
710 2# - ADDED ENTRY--CORPORATE NAME
Corporate name or jurisdiction name as entry element Food and Agriculture Organization of the United Nations.
942 ## - ADDED ENTRY ELEMENTS (KOHA)
Koha item type ADB
952 ## - LOCATION AND ITEM INFORMATION (KOHA)
Withdrawn status [LOCAL, KOHA] 0
Holdings
Source of acquisition Permanent Location Date acquired Koha item type Lost status Shelving location Current Location Full call number
A39304Library Block C2019-11-04ADB C143Library Block C333 FAO 1998 C143 Or.
មជ្ឈមណ្ឌលឯការនៃសាកលវិទ្យាល័យភូមិន្ទកសិកម្មចំការដូង

Powered by Koha